00452pab a2200145 454500008004000000100001900040245007400059260000900133300001300142362001100155650002900166650006100195650001600256773003400272180718b1997 xxu||||| |||| 00| 0 eng d aPandit, Nalini aNarayan Meghaji Lokhande: the father of trade union movement in India c1997 ap.327-29 a15 Feb aLabour relations - India aLokhande, Narayan Meghaji - Criticism and interpretation aBiographies aEconomic and Political Weekly